00318 a2200121 4500020000800000040001000008082001300018100002700031245006000058260005600118300000900174650001300183 aN/S aISPLB a9(1)b32 aMEDINA ,Maria Do Carmo aANGOLA Processos Politicos da Luta Pela Independencia  aLuanda,bFaculdade de Direito Agostinho Netoc2003. a388p aPolitica